000 00921nas a2200313 4500
001 BR0807364
003 BR-BrBNA
005 20231205112655.0
007 ta
008 230509b bl.|||p| |||| 00| 00por d
040 _aBR-BrBNA
_bpor
_cBiblioteca Nacional de Agricultura
041 _a(Pt)
072 _aF01
100 1 _aZárate, N.A.H.
100 1 _aVieira, M. do C.
100 1 _aGraciano, J.D.
100 1 _aHelmich, M.
100 1 _aGassi, R.P.
100 1 _aSouza, C.M. de
245 1 _aProdução do taro chinês, em cultivo solteiro e consorciado com chicória
650 _aTARO
650 _aCHICÓRIA
650 _aCONSORCIAÇÃO DE CULTURA
650 _aPRODUÇÃO VEGETAL
650 _aRENDIMENTO
773 0 _tCiência e Agrotecnologia (Brazil)
_xISSN 1413-7054
_g(Sep-Oct 2007), v. 31(5) p. 1558-1562
_wBR0807364
909 _a202311
_bLúcia
_c55
_dLúcia Elande
942 _2AGRIS
_n0
_cANA
999 _c199301
_d199301